000 00245nam a22000977a 4500
008 231205b |||||||| |||| 00| 0 eng d
020 _a9789355559234
100 _aMTG
_97733
245 _aMTG CHEMISTRY JEE MAIN & ADVANCED
260 _aNew Delhi
_bMTG
999 _c12484
_d12484